Programming Windows Azure (Record no. 325447)
[ view plain ]
| 000 -LEADER | |
|---|---|
| fixed length control field | 00441nam a2200169Ia 4500 |
| 008 - FIXED-LENGTH DATA ELEMENTS--GENERAL INFORMATION | |
| fixed length control field | 230718s9999 xx 000 0 und d |
| 020 ## - INTERNATIONAL STANDARD BOOK NUMBER | |
| International Standard Book Number | 9789350230367 |
| 041 ## - LANGUAGE CODE | |
| Language code of text/sound track or separate title | eng |
| 082 ## - DEWEY DECIMAL CLASSIFICATION NUMBER | |
| Classification number | 006.7'8 |
| Item number | KRI |
| 100 ## - MAIN ENTRY--PERSONAL NAME | |
| Personal name | Krishnan S. |
| 9 (RLIN) | 173929 |
| 245 ## - TITLE STATEMENT | |
| Title | Programming Windows Azure |
| 260 ## - PUBLICATION, DISTRIBUTION, ETC. (IMPRINT) | |
| Date of publication, distribution, etc. | 2010 |
| Name of publisher, distributor, etc. | Oreilly |
| 300 ## - PHYSICAL DESCRIPTION | |
| Extent | 345 |
| 365 ## - TRADE PRICE | |
| Currency code | Rs. |
| Price amount | 350.00 |
| 700 ## - ADDED ENTRY--PERSONAL NAME | |
| Personal name | Krishnan S. |
| 9 (RLIN) | 173929 |
| 906 ## - LOCAL DATA ELEMENT F, LDF (RLIN) | |
| d | O:0098031-Jul-2010B:459408-Jun-2010 |
| c | IT |
| b | 70 |
| Withdrawn status | Lost status | Damaged status | Not for loan | Home library | Current library | Date acquired | Vendor | Budget Code | Cost, normal purchase price | Bill number | Total Checkouts | Full call number | Barcode | Date last seen | Date last checked out | Discount | Cost, replacement price | Bill Date | Koha item type | Original Barcode |
|---|---|---|---|---|---|---|---|---|---|---|---|---|---|---|---|---|---|---|---|---|
| Cummins College of Engineering for Women Pune | Cummins College of Engineering for Women Pune | 31/07/2010 | Tbs | IT | 280.00 | 4594 | 1 | 006.7'8 | CCEP-BK-36654 | 17/08/2023 | 01/08/2023 | 70 | 350.00 | 08/06/2010 | Books | 036654 |